NBA Active player scoring leaders top 25 - Statistics

General Stats
  • This quiz has been taken 452 times
  • The average score is 11 of 25
Answer Stats
Hint Answer % Correct
25964 Lebron James
99%
16575 Kevin Durant
81%
33084 Kobe Bryant
81%
28863 Dirk Nowitzki
71%
26302 Tim Duncan
71%
19587 Dwyane Wade
70%
21818 Carmelo Anthony
69%
26071 Kevin Garnett
60%
13785 Chris Paul
58%
26134 Paul Pierce
57%
17541 Tony Parker
56%
23670 Vince Carter
53%
17036 Chris Bosh
52%
15208 Dwight Howard
48%
18718 Pau Gasol
47%
18840 Joe Johnson
25%
15769 Amar´e Stoudemire
20%
16222 Zach Randolph
18%
16500 Jamal Crawford
16%
16205 Andre Miller
14%
18221 Jason Terry
14%
14239 Richard Jefferson
13%
17700 Shawn Marion
13%
13976 Carlos Boozer
10%
16757 Elton Brand
9%
No matching quizzes found
Score Distribution
Percent of People with Each Score
Percentile by Number Answered
Your Score History
You have not taken this quiz